00933nam a2200265 i 450000100060000000300090000600500170001500800390003201500170007104000280008804100130011608000080012910000330013724500850017024600460025526000560030130000340035738000170039150400120040865000290042070000270044970000510047671000420052785600980056913110KOSZ 00520200630132827.0071113s1966 pl a f 001 0 pol aPB 1967/1890 aWA NcWA NdKOSZ 005/RW1 apolheng a5171 aLevy, H.d(1889-1975)eAutor10aRównania różnicowe skończone /cH. Levy, F. Lessman ; [tł. Lech Kubik].1 iTyt. oryg.:aFinite difference equations. aWarszawa :bPaństwowe Wydawnictwo Naukowe,c1966. a326, [2] s. :berr. ;c23 cm. aKsiążki. aIndeks. 4aRównania różnicowe1 aLessman, Freda.eAutor1 aKubik, Lech Tadeuszd(1930-1997)eTłumaczenie2 aPaństwowe Wydawnictwo Naukowe4pbl. uhttp://koha.tu.koszalin.pl/cgi-bin/koha/opac-detail.pl?biblionumber=13110yKatalog online BPK